Gouvernement provisoire de 1848 - Membres - Statistiques

Statistiques générales
  • Ce quiz a été pris 16 fois
    15 depuis la dernière actualisation
  • Le résultat moyen est 5 sur 26
Statistiques - réponses
Hint Réponse % Correct
Ministre des Affaires étrangères Alphonse de Lamartine
92%
Ministre de l'Intérieur Alexandre Ledru-Rollin
42%
Ministre de la Marine et des Colonies François Arago
42%
Ministre de la Guerre (à partir du 5 avril 1848) François Arago
42%
Ministre des Finances (à partir du 5 mars 1848) Louis-Antoine Garnier-Pagès
42%
"Chefs de l'État": historien et journaliste, il est promoteur de l'aphorisme communiste "De chacun selon ses facultés à chacun selon ses besoins". Louis Blanc
42%
Ministre de la Guerre (jusqu'au 5 avril 1848) Louis Eugène Cavaignac
33%
Ministre de la Justice (jusqu'au 11 mai 1848) Adolphe Crémieux
25%
"Chefs de l'État": Célèbre auteur du célèbre poème "Le lac". Alphonse de Lamartine
25%
"Chefs de l'État": journaliste au Constitutionnel, associé très tôt aux conspirations et aux tentatives de renversement contre le régime des Bourbons. Ferdinand Flocon
17%
"Chefs de l'État": il fut témoin et acteur de trois révolutions (1789, 1830 et 1848). Jacques Charles Dupont de l'Eure
17%
Président du Conseil des Ministres Jacques Charles Dupont de l'Eure
17%
Sous-secrétaire de la Marine et des Colonies Victor Schœlcher
17%
"Chefs de l'État": ténor du barreau sous Louis-Philippe, il est l'auteur d'un célèbre décret (octobre 1870). Adolphe Crémieux
8%
"Chefs de l'État": avocat ayant une station de métro sur la ligne 1 à Paris. Alexandre Ledru-Rollin
8%
"Chefs de l'État": il participe au Trois glorieuses avant d'être député de la Seine pendant 22 jours. Alexandre Martin
8%
"Chefs de l'État": aîné d'une célèbre fratrie, astronome et physicien et homme d'État. François Arago
8%
Ministre de l'Instruction publique et des Cultes Lazare Hippolyte Carnot
8%
"Chefs de l'État": éphémère préfet et maire de Paris. Il fût député pendant presque 7 ans. Louis-Antoine Garnier-Pagès
8%
"Chefs de l'État": il fût président de l'assemblée constituante avant de se retirer de la vie politique après son échec aux élections législatives en mai 1849. Armand Marrast
0%
Sous-secrétaires aux Finances Charles Duclerc
0%
Ministre de l'Agriculture et du Commerce Eugène Bethmont
0%
Ministre de la Guerre (jusqu'au 20 mars 1848) Jacques-Gervais Subervie
0%
Ministre des Finances (jusqu'au du 5 mars 1848) Michel Goudchaux
0%
"Chefs de l'État": Maintes fois ministre et député, il arpenta le palais de justice pendant environ 50 ans. Pierre Marie de Saint-Georges
0%
Ministre des Travaux publics Pierre Marie de Saint-Georges
0%
Aucun quiz correspondant
Distribution des résultats
% des personnes avec chaque résultat
Percentile par nombre de réponses
Votre historique - résultats
Vous n’avez pas pris ce quiz depuis la dernière actualisation